| 000 | nam a22 7a 4500 | ||
|---|---|---|---|
| 999 |
_c373208 _d373208 |
||
| 003 | BLK | ||
| 005 | 20201007040848.0 | ||
| 008 | 200707b bu ||||| |||| 00| 0 bu d | ||
| 040 | _aBLK | ||
| 041 |
_aBUL _cBUL |
||
| 080 |
_aАнглийски език _b811.111 _x(038.2) _z808.67(038.2) |
||
| 100 |
_aШурбанова, Даниела _eпърви автор _91299 |
||
| 139 |
_aШурбанова, Даниела _bШ 96 |
||
| 245 |
_aБългарско-английски разговорник за САЩ. _cДаниела Шурбанова; Консултант Джим Томас; |
||
| 250 | _a2. изд. | ||
| 257 | _aBGR | ||
| 260 |
_9209758 _aСофия _bПеро _c1996 _n954-448- |
||
| 300 |
_a192 с. _bс ил. _c17 см |
||
| 380 | _a80 | ||
| 500 | _a1. изд. 1992; Съдържа и Запознайте се - САЩ / Д. Томас; Свържи с N 2524 на Бълг. книгопис, 1994; | ||
| 700 |
_9640 _aТомас, Джим _eконсултант |
||
| 852 | _aЦб I 27373 | ||
| 942 |
_cKNG _n0 _s1 |
||
| 944 |
_aCR _c2020-07-07 _kИвелин Русев |
||